000 00614nam a2200205Ii 4500
001 3297
003 CO-ViMGA
008 241108s9999||||xx |||||||||||||| ||und||
040 _aCO-ViMGA
_bspa
_erda
_cCO-ViMGA
041 0 _aunk
082 0 4 _a300.153 - H374a
100 1 _aEdwin R Harvey
_954271
245 1 0 _aAcción Cultural de los Poderes Públicos
264 1 _a[Lugar de publicación no identificado] : Depalma, 1980
300 _avolumen
336 _atext
_btxt
_2rdacontent
337 _aunmediated
_bn
_2rdamedia
338 _avolume
_bnc
_2rdacarrier
940 _aidficha_siabuc: 3220. -- ficha_no_siabuc:3297
999 _c51194
_d51194